[Event "Seattle Seafair Open"]
[Site "Chess.com"]
[Date "2020.07.19"]
[Round "4"]
[White "Petrosyan, Tigran"]
[Black "Aleksandrov, Aleksej"]
[Result "1-0"]
[WhiteElo "2452"]
[BlackElo "2708"]
[Annotator "Tigran Petrosyan"]
[PlyCount "79"]
[EventDate "2020.??.??"]
[SourceVersionDate "2020.06.27"]
[TimeControl "5400+10"]

1. e4 {Before the game it was a bit difficult to choose an opening, because my
opponent plays almost the same with black. So I choose Italian with c3-d4
which was less played.} e5 2. Nf3 Nc6 3. Bc4 Bc5 4. c3 Nf6 5. d4 exd4 6. e5 d5
7. Be2 Ne4 8. cxd4 Bb6 9. O-O O-O 10. Nc3 Bf5 (10... Bg4 {Bg4 is played more,
the positions after the opening are usually equal.}) 11. Na4 {I watched a game
played by Jobava, and I liked this idea, I will attach the game.} f6 12. exf6 {
From here I actually forgot my preparations and started to play on my own.} (
12. Be3 {This move happened in Jobava's game.} Qe7 13. exf6 Rxf6 14. Rc1 Raf8
15. Nxb6 axb6 16. Ne5 h6 17. f4 Nd6 18. Bf2 Be4 19. Bh4 g5 20. fxg5 Rxf1+ 21.
Bxf1 Nxe5 22. dxe5 Nf5 23. Bf2 hxg5 24. Qd2 c5 25. b4 c4 26. Bxb6 Qxe5 27.
Qxg5+ Kf7 28. Be2 Ke6 29. Bc5 Qf6 30. Qg4 Qb2 31. Rf1 Rf7 32. Bxc4 Qxg2+ 33.
Qxg2 Bxg2 34. Re1+ Kf6 35. Bd3 Bh3 36. Kf2 Rh7 37. Bd4+ Kg5 38. Rg1+ Kf4 39.
Bb2 Rf7 40. Re1 Kg4 41. Rg1+ Kf4 42. a4 Nd6 43. Rg7 Ne4+ 44. Ke2 Rf8 45. Bd4
Bg4+ 46. Ke1 Nd6 47. Bc5 Re8+ 48. Kd2 Ne4+ 49. Bxe4 dxe4 50. Rf7+ Ke5 51. Rxb7
Rd8+ 52. Ke1 Bf3 53. Be3 Rd3 54. Rb5+ Ke6 55. Bf4 Ra3 56. a5 Kf6 57. Kd2 Rd3+
58. Kc2 Bd1+ 59. Kc1 Be2 60. Re5 Rd1+ 61. Kc2 Rd7 62. Rc5 Bd1+ 63. Kb2 Rd3 64.
Rc3 Rd4 65. a6 Rxb4+ 66. Kc1 Bf3 67. Rc6+ Kf7 68. Be3 Bg4 69. a7 Ra4 70. Rd6
Ke7 71. Rd4 Ra6 72. Rxe4+ Be6 73. h4 Kf7 74. Re5 Rc6+ 75. Kb2 Rc8 76. h5 Ke7
77. h6 Kd6 78. Bf4 Kd7 79. Rxe6 {1-0 (79) Jobava,B (2722)-Anton Guijarro,D 
(2607) Doha 2014}) 12... Qxf6 13. Nxb6 axb6 14. Bf4 Rac8 15. Rc1 {Maybe a
little bit slow.} (15. Ne5 $13 {Of course this is the first move chess player
should consider first, but I didn't like it for a simple reason.} g5 {Now for
white it is not clear what to do} (15... Nxe5 $14 16. Bxe5) 16. Nxc6 (16. Bc1
$13 {This is interesting} Nxe5 17. dxe5 Qxe5 18. f3 Nd6 19. Bxg5 {[%cal Gc7c5,
Gd5d4] Here the position is not very clear again. Black king is very weak, but
instead black has a powerful centre and can push c5 and d4}) (16. Be3 $15 {
This doesn't work} Nxe5 17. dxe5 Qxe5 18. f3 Nc3) 16... gxf4 17. Ne5 $13 {
Here the position is very unclear, black has more space on the kingside + g
file is open for the rooks and the queen. I didn't like this during the
calculation.}) (15. Be5 {This was also possible, but for me it was a strange
move.}) (15. a3 $5 {I think this is better, to start b4->b5 immidiately}) 15...
Be6 16. Be3 h6 17. a3 {There is an interesting story I remembered before
making this move. It was 2015 or 2016, I was playing in Al-Ain, UAE. That day
we had 2 games, the first game I played 6 hours and could hold my bad position,
and the second game had to start in one hour. My opponent was GM Kravtsiv
Martyn. So I went to eat, quickly prepared for the game and came to the game.
We played this opening. My opponent got a very strong knight on e5, and I
couldn't do anything against it, and I lost. In my game, when I was thinking
the plan, I remembered that game and with a3 started the plan to bring the
knight to e5.} Nd6 {Here we have the critical position. Black wants to play
Nc4 or Nf5, white must play active too, so I decided to follow my plan} 18. b4
Nc4 (18... Nf5 {I was a bit scared of this move, and wanted to continue b5} 19.
b5 Nxe3 20. fxe3 Na5 21. Ne5 {And here I didn't know how to analize this
position. White knight on e5 is really nice, but black can prepare c5. I
thought it is a playable position.}) 19. Bxc4 dxc4 20. b5 Na5 21. Ne5 {The job
is done, white knight is on e5. But during the game I wasn't very confident
about my position. My only plan is to push f pawn, because I have pawn
majority on the kingside, and black has to create the counterplay on the
queenside} Rfd8 22. f4 c5 {Again, a very important part. During the game I was
looking at two moves. I choose f5, but I will show what happens after bxc6} 23.
f5 {But after f5 too I wasn't expecting too much. Let me show you few
variations I calculated} (23. bxc6 Nxc6 (23... bxc6 $6 {Not a very good move,
white can push f5 for free} 24. f5) 24. Nxc4 (24. f5 $2 $17 Nxe5 25. fxe6 Qxe6)
24... Nxd4 25. Ne5 Rxc1 26. Bxc1 {[%csl Rd1] Here I thought even black is
better. White queen's position is very bad.}) 23... cxd4 $6 {This move I
looked first of course, and to find the answer was very easy} (23... Bf7 $11 {
For me it was the best move to play} 24. Ng4 Qh4 25. Bf2 Qg5 (25... Qe7 $6 26.
f6 {[%csl Rg8][%cal Gf5f6,Gf6e7,Gf6g7]}) 26. Be3 Qh4 $11 {[%cal Ge3f2,Gf2e3] I
wanted to finish the game with repetition. Playing any further seemed very
dangerous to me, especially if black takes on d4. Maybe there is a way to play
g3, or f6, but I would not risk that much}) (23... Bxf5 $14 24. Qh5 g6 25. Qxh6
Qg7 26. Qh4 cxd4 27. Bg5 {[%cal Gg2g4,Gg5f6,Gf1f7] I calculated this, and I
thought this is just a good position to play for white. Against the sacrificed
pawn white has a huge counterplay.}) (23... Bd5 $16 24. Ng4 Qh4 25. Rf4 cxd4
26. Rxd4 {Something like this. Of course I checked the variations after the
game and found many mistakes in the game.}) 24. Ng4 Qe7 {I didn't look at this
move, because I thought I can simply take on h6 and destroy the king} (24...
Qh4 {Just winning the bishop} 25. Bf2 Qg5 26. fxe6) 25. Bxh6 Bd5 {Here again,
it was an important part for me. My opponent had less time, and I was feeling
that my position is much better, and I thought I found a way to win} 26. f6 (
26. Re1 {I wanted to play Re1, more queitly} Qf8 27. Bg5 d3 {but after d3 I
thought black gets some counterplay} 28. f6 {but later I checked f6 and now
see that this is also very good for white}) 26... Qe4 27. Rf2 gxh6 28. Nxh6+
Kf8 29. Qh5 {I thought I was winning after this move, because my calculation
finished after Qh5. My plan was to Play Nf5 and checkmate the king, but to my
very big dissapointment my opponent played... .} Qh7 {[%csl Ra5] It was like a
cold shower, I didn't know what to do. Maybe my opponent saw this, because he
offered me a draw. But I beleived in my position, because the black king is
really very very weak, so I started to think. And please look at the knight on
a5, it is completly out of the game and can't take part in defense.} 30. Re2 $1
$18 {[%cal Ge2e7] After 15 minutes of thinking I found this move( I found it
earlier, but there was one variation I couldn't see).} Be4 {This is losing too}
(30... Rc7 $18 {this is losing after} 31. Re7 Rxe7 32. fxe7+ Kxe7 (32... Qxe7
33. Rf1+ Kg7 34. Nf5+ {[%cal Gf5e7]}) 33. Nf5+) (30... Re8 $18 {losing for the
same reason} 31. Re7) (30... Bf7 $18 {This was the move I couldn't do anything
with. But suddenly I found a very interesting idea} 31. Re7 Bxh5 32. Rxh7 {
[%csl Rf8][%cal Gh7h8] And black just can't protect the king from the
checkmate.} Ke8 33. Re1+ Kf8 34. Rh8#) (30... Bf3 $18 31. Re7 Bxh5 32. Rxh7)
31. Rxe4 Rc5 32. Re7 Rxh5 33. Rxh7 {Now again, the checkmate threat, black has
to sacrifice the rook} Rxh6 34. Rxh6 {[%csl Gc4,Gd4,Rf8] And white is winning
only because of very bad black king, because black could have a good
counterplay with pawns c4 + d4} Kf7 35. Re1 Rg8 36. Re7+ Kf8 37. Rhh7 Rg6 38.
Rc7 Kg8 39. f7+ Kxh7 40. f8=Q+ {Petrosyan_Tigran won by resignation} 1-0

[Event "Seattle Seafair Open"]
[Site "Chess.com"]
[Date "2020.07.19"]
[Round "5"]
[White "Boey, Chad"]
[Black "Chen, Minda"]
[Result "1/2-1/2"]
[WhiteElo "1496"]
[BlackElo "1966"]
[Annotator "Chad Boey"]
[PlyCount "184"]
[EventDate "2020.??.??"]
[SourceVersionDate "2020.06.27"]
[TimeControl "5400+10"]
[WhiteClock "0:02:12"]
[BlackClock "0:01:50"]

1. e4 {[%emt 0:00:04] I was having a bad tournament so far, with only two wins
and two losses.} c5 {[%emt 0:00:03] The last time I faced the Sicilian defense
was a day prior. A grandmaster unhatched his evil plan against me wherein he
sat back and did nearly nothing and waited for me to make a mistake. When the
mistake was finally made, punishment was swift and lethal. Is this how chess
is played? If so, I quit. But I still have hope there is room for art on the
board.} 2. d4 {[%emt 0:00:43] This time my opponent is not a grandmaster but
carries a title of "CM" which I can only guess stands for "criminal mastermind.
" I thought she might be sporty and willing to accept my gambit.} cxd4 {
[%emt 0:00:10]} 3. c3 {[%emt 0:00:04]} Nf6 {[%emt 0:00:04] I was wrong. This
is the most annoying way to decline the gambit, though not as cowardly as
playing pawn to d3. Only one master I've faced has ever accepted the gambit.}
4. e5 {[%emt 0:00:12]} Nd5 {[%emt 0:00:02]} 5. Nf3 {[%emt 0:04:37]} Nc6 {
[%emt 0:00:07]} 6. cxd4 $2 {[%emt 0:00:25] 6. Bc4 is preferable. This was a
hasty and unnecessary capture by me, which I regretted, but not for long.} (6.
Bc4 Nb6 7. Bb3) 6... d6 {[%emt 0:00:46]} 7. Bc4 {[%emt 0:05:03]} Nb6 {[%emt 0:
00:06]} 8. Bb3 {[%emt 0:04:11]} h6 $2 {[%emt 0:02:42] Mistake, dxe5 is much
better. I understood why she made this move, because I think she wanted to
play Bg4 to pin my knight soon, as most criminals do. If Bg4 immediately, it
falls to the tactic Bxf7, Kxf7, Ng5+ and wherever the king goes, Qxg4 would
come next.} (8... Bg4 9. Bxf7+ Kxf7 10. Ng5+ Ke8 11. Qxg4) 9. e6 $3 {[%emt 0:
03:41] The move I'm most proud of here. This is a pawn sacrifice I've employed
frequently against Alekhine's defense. I calculated the continuation after
fxe6 and my opponent, wisely I think, opted to sacrifice a piece for two pawns.
Not a coward after all!} Bxe6 $6 {[%emt 0:11:20] Taking with fxe6 would leave
black's kingside development in a jam to untangle and create holes in the
fortress.} (9... fxe6 10. Qd3 Kd7 11. Qg6) 10. d5 {[%emt 0:00:30]} Nxd5 {
[%emt 0:01:47]} 11. Bxd5 {[%emt 0:00:04]} Qa5+ {[%emt 0:03:26]} 12. Nc3 {
[%emt 0:00:03]} Bxd5 {[%emt 0:00:03] A bold choice, but I understand the
reasons behind it. Black is seeking clarity and simplicity in the position.
Whether she knows it or not, she is communicating to me that she would like to
move on to the endgame stage. Message received, and I will do my best to not
cooperate with her plans.} 13. Qxd5 {[%emt 0:00:04]} Qxd5 {[%emt 0:00:03]} 14.
Nxd5 {[%emt 0:00:01]} Kd7 $1 {[%emt 0:00:04] Now black's plan becomes clear to
me. The black king stands strong behind army of pawns that will march forward.
I wish I had eaten lunch, this is going to take some work.} 15. O-O {[%emt 0:
00:05] Premature castling by me, much better would have been 15. Be3} e6 {
[%emt 0:01:54]} 16. Nc3 {[%emt 0:00:27]} Be7 {[%emt 0:03:19]} 17. Bf4 $2 {
[%emt 0:01:00] This bishop would be better on e3.} g5 {[%emt 0:00:46]} 18. Bg3
$2 {[%emt 0:03:43] Again, I obsess over this diagonal and pay the price. The
bishop should have gone to e3. Caught between the enemy soldiers and the
castle walls, the bishop is going to jail for now.} (18. Be3 f5 19. Rfd1) 18...
f5 {[%emt 0:01:53]} 19. h3 {[%emt 0:06:43]} h5 {[%emt 0:10:07]} 20. Rfd1 {
[%emt 0:03:34]} f4 {[%emt 0:01:28]} 21. Bh2 {[%emt 0:00:16]} Raf8 {[%emt 0:10:
43]} 22. Ne4 $1 {[%emt 0:08:22] I dare you to play g4!} g4 {[%emt 0:09:53]} 23.
Nc5+ {[%emt 0:07:57]} Kc8 {[%emt 0:00:24]} 24. Nxe6 {[%emt 0:00:08]} Rfg8 {
[%emt 0:02:01] Black chooses to keep the rook pair and allow me to move my
knight. But then I realize that black's g-pawn will simply push forward,
twice-defended and I will lose a piece either way.} 25. Bxf4 $6 {[%emt 0:10:39]
I have accepted that black will equalize and decide to keep the bishop.
Perhaps it would have been better to move the knight and allow the g-pawn to
come forward, keeping the castle walls intact.} (25. Ne1 g3 26. Rac1 gxh2+ 27.
Kxh2) 25... gxf3 {[%emt 0:00:12]} 26. g3 {[%emt 0:00:47]} h4 {[%emt 0:04:24]
Now I see that black's h-pawn and f-pawn are willing to work for me. Maybe
they just want to be on the winning side? They arrive and I welcome them as
reinforcements to my castle walls. With their help, the pigs will never break
through.} 27. g4 {[%emt 0:02:33]} Rg6 {[%emt 0:02:12]} 28. Nd4 {[%emt 0:02:14]}
Rf8 {[%emt 0:04:04]} 29. Be3 {[%emt 0:04:18]} Ne5 {[%emt 0:03:32]} 30. Kh1 {
[%emt 0:01:24]} a6 {[%emt 0:01:51]} 31. Nf5 {[%emt 0:01:32]} Kd7 {[%emt 0:00:
28]} 32. Rac1 {[%emt 0:00:22]} Re8 {[%emt 0:03:42]} 33. Bf4 {[%emt 0:00:21]}
Bd8 {[%emt 0:02:31]} 34. Rc3 {[%emt 0:02:49]} Nf7 {[%emt 0:02:17]} 35. Rxf3 {
[%emt 0:00:33]} Re2 {[%emt 0:00:22]} 36. Rd2 {[%emt 0:00:28]} Re1+ $6 {[%emt 0:
00:36] A blitz move?} 37. Kg2 {[%emt 0:00:11]} Re4 {[%emt 0:01:24]} 38. Bh2 {
[%emt 0:01:14]} Bg5 $2 {[%emt 0:01:18] Another blitz move! If only I had used
my time to calculate how to punish it.} 39. Rc2 $2 {[%emt 0:01:10] More
accurate was Nxh4 and then black would have to make some choices.} (39. Nxh4
Bxd2 (39... Bxh4 40. Rxf7+) 40. Nxg6 Ng5 41. Rd3) 39... Ne5 {[%emt 0:01:21]}
40. Rfc3 {[%emt 0:02:07]} Bd8 {[%emt 0:00:36]} 41. f3 {[%emt 0:00:55]} Re1 {
[%emt 0:00:55]} 42. Bf4 {[%emt 0:03:03]} Ba5 {[%emt 0:00:46]} 43. Rb3 {[%emt 0:
00:51]} b5 {[%emt 0:00:04]} 44. Re3 $6 {[%emt 0:00:21] Inaccuracy. Nxh4 was
best.} (44. Nxh4 Re6 45. Nf5 Bb6 46. Bxe5 R6xe5 47. h4 Rd1 48. h5 Re6 49. Rbc3
a5 50. h6 Re8) 44... Rxe3 {[%emt 0:00:13]} 45. Bxe3 {[%emt 0:00:10]} Nc4 {
[%emt 0:00:09]} 46. Bf2 {[%emt 0:00:12]} Bd8 {[%emt 0:00:42]} 47. b3 $36 {
[%emt 0:00:29] Perhaps better is to take the h-pawn immediately with Bxh4, but
I saw no reason to simplify the game with the resulting trade of pieces when I
had the advantage in both material and time.} (47. Bxh4 Bxh4 48. Nxh4 Ne3+ 49.
Kg3 Nxc2 (49... Rxg4+ 50. fxg4 Nxc2 51. Nf5 Ke6 52. h4) 50. Nxg6) 47... Ne5 {
[%emt 0:00:04]} 48. Bxh4 {[%emt 0:00:28]} Bxh4 {[%emt 0:00:15]} 49. Nxh4 {
[%emt 0:00:03]} Re6 {[%emt 0:00:10]} 50. Nf5 {[%emt 0:00:15]} Nd3 {[%emt 0:00:
06]} 51. Kg3 {[%emt 0:00:36]} a5 {[%emt 0:00:26]} 52. h4 {[%emt 0:00:08]} a4 {
[%emt 0:00:04]} 53. bxa4 {[%emt 0:00:07]} bxa4 {[%emt 0:00:03]} 54. h5 {
[%emt 0:00:09]} Nc5 {[%emt 0:00:28]} 55. h6 {[%emt 0:00:23]} Re8 {[%emt 0:00:
03]} 56. Rd2 {[%emt 0:00:20]} Nb7 {[%emt 0:00:07]} 57. Rd4 {[%emt 0:00:16]} a3
{[%emt 0:00:04]} 58. Ra4 {[%emt 0:00:14]} Re1 {[%emt 0:00:07]} 59. Rxa3 {
[%emt 0:00:06]} Rh1 {[%emt 0:00:02]} 60. Ra8 $2 {[%emt 0:00:12] A nonsense
move. Simply 60. Kg2 is winning.} (60. Kg2 Rxh6 61. Nxh6) 60... Ke6 {[%emt 0:
00:06]} 61. h7 $4 {[%emt 0:00:10] The worst move I made all game. Fatigue set
in. It is at this stage of the game that my opponent's skills start to shine.}
Rxh7 {[%emt 0:00:06]} 62. Ra7 {[%emt 0:00:18]} d5 {[%emt 0:00:21]} 63. Nd4+ {
[%emt 0:00:19]} Kd6 {[%emt 0:00:12]} 64. a4 {[%emt 0:00:10]} Kc5 {[%emt 0:00:
09]} 65. Ne6+ {[%emt 0:00:22]} Kb6 {[%emt 0:00:09]} 66. Ra8 {[%emt 0:00:08]}
Re7 {[%emt 0:00:04]} 67. Nd4 {[%emt 0:00:40]} Re1 {[%emt 0:00:12]} 68. g5 {
[%emt 0:01:15]} Kc5 {[%emt 0:00:04]} 69. Nb5 $6 {[%emt 0:00:17] Inaccuracy.
Nf5 was best.} (69. Nf5 Rg1+ 70. Kf4) 69... d4 {[%emt 0:00:04]} 70. Rc8+ {
[%emt 0:00:09]} Kd5 {[%emt 0:00:12]} 71. Rc7 $4 {[%emt 0:00:13] Another
blunder I made. Kf2 was best. The endgame is her comfort zone and she is
making it known. The tables have turned. My weakness and her strength are on
full display now. Do I have time to pop something in the microwave? Gosh I'm
hungry.} (71. Kf2 Rh1 72. f4 Rh4 73. Kg3) 71... Nc5 {[%emt 0:00:02]} 72. Rc8 {
[%emt 0:00:30]} d3 {[%emt 0:00:09]} 73. Kf4 {[%emt 0:00:28]} Kc4 {[%emt 0:00:
18]} 74. Nd6+ $6 {[%emt 0:01:28] A better move would have been Na3+:} (74. Na3+
Kb4 75. Nb1) 74... Kb4 {[%emt 0:00:53]} 75. Ne4 {[%emt 0:00:45]} Rxe4+ {
[%emt 0:00:27]} 76. fxe4 {[%emt 0:00:00]} d2 {[%emt 0:00:01]} 77. Rd8 $10 {
[%emt 0:00:04] It is now that I have accepted this will be a draw. Black's
devious plan to draw the game has come to fruition. Criminal masterminds
frequently do this against me.} Ne6+ {[%emt 0:00:02]} 78. Ke3 {[%emt 0:00:03]}
Nxd8 {[%emt 0:00:02]} 79. Kxd2 {[%emt 0:00:01]} Kxa4 {[%emt 0:00:03]} 80. Ke3 {
[%emt 0:00:01]} Kb5 {[%emt 0:00:01]} 81. Kf4 {[%emt 0:00:01]} Kc6 {[%emt 0:00:
01]} 82. Kf5 {[%emt 0:00:01]} Kd7 {[%emt 0:00:07] Black offers the draw. I
know it's a draw, but I say: prove it!} 83. g6 {[%emt 0:00:13] I've been
robbed again and I'm not happy. You have achieved a draw, but that doesn't
mean I'm going to lay down and take it.} Ke8 {[%emt 0:00:04]} 84. e5 {[%emt 0:
00:06]} Ke7 {[%emt 0:00:10]} 85. Kg5 {[%emt 0:00:36]} Ne6+ {[%emt 0:00:28]} 86.
Kh6 {[%emt 0:00:05]} Kf8 {[%emt 0:00:03]} 87. Kh7 {[%emt 0:00:26]} Ng7 {
[%emt 0:00:03]} 88. Kh6 {[%emt 0:00:06]} Ne6 {[%emt 0:00:02]} 89. Kh5 {[%emt 0:
00:07]} Kg7 {[%emt 0:00:02]} 90. Kg4 {[%emt 0:00:06]} Kxg6 {[%emt 0:00:01]} 91.
Kf3 {[%emt 0:00:02]} Kf5 {[%emt 0:00:02]} 92. Ke3 {[%emt 0:00:01] This type of
draw is more painful for me than a loss. It won't be a draw the next time we
meet, one way or another.} Kxe5 {[%emt 0:00:01] 1/2-1/2 The game is a draw.}
1/2-1/2